| 000 | 02011nam a22002537a 4500 | ||
|---|---|---|---|
| 001 | 6674 | ||
| 003 | FISKH | ||
| 005 | 20250520104926.0 | ||
| 008 | 250520b cb ||||| |||| 00| 0 eng d | ||
| 040 |
_aFISKH _bkhr _cFISKH _dFISKH |
||
| 082 | _a510 | ||
| 100 | _aSopheak, Uy | ||
| 245 |
_aគន្លឺះ និងវិធីសាស្រ្តដោះស្រាយលំហាត់លីមីត / _cរៀបរៀងដោយ សាស្រា្តចារ្យ អ៊ុយ សុភ: |
||
| 260 |
_aភ្នំពេញ : _bបណ្ណាគារ បាក់ទូក III , _c2012 . |
||
| 300 |
_a187 pages : _bcolor illustrations ; _c15 cm . |
||
| 520 | _aសៀវភៅមួយក្បាលនេះរួមមាន គន្លឺះដោះស្រាយលំហាត់លីមីតគ្រប់ល្បិច , គំរូលំហាត់និងដំណោះស្រាយគន្លឺះ និងស្រង់លំហាត់ធ្លាប់ប្រលងគ្រប់ជំនាន់ សម្រាប់ប្រលងសញ្ញាប័ត្រមធ្យមសិក្សាទុតិយភូមិ និងសិស្សពូកែ, ប្រលងក្របខ័ណ្ឌគ្រូបង្រៀននិងប្រលងប្រជែងអាហាររូបករណ៏ទូទៅ ។ | ||
| 520 | _a"This book includes comprehensive solution strategies for all types of limit problems, sample exercises with key solutions, and a collection of past exam questions from all generations. It is designed to support students preparing for the high school diploma exam, outstanding student competitions, teacher recruitment exams, and general scholarship examinations." | ||
| 650 |
_aលីមីត _vគណិតវិទ្យា |
||
| 650 |
_aLimit _vMathematics |
||
| 700 |
_aMengleang, Lim _eIllustrator |
||
| 700 |
_dSotheary, Heng _eIllustrator |
||
| 942 |
_2ddc _cKHB _n0 |
||
| 999 |
_c6674 _d6674 |
||